Soil Physical Chemistry (Record no. 6257)

MARC details
000 -LEADER
fixed length control field 00526nam a22002057a 4500
003 - CONTROL NUMBER IDENTIFIER
control field OSt
005 - DATE AND TIME OF LATEST TRANSACTION
control field 20190827165219.0
008 - FIXED-LENGTH DATA ELEMENTS--GENERAL INFORMATION
fixed length control field 190827b ||||| |||| 00| 0 eng d
020 ## - INTERNATIONAL STANDARD BOOK NUMBER
International Standard Book Number 978-0873718837
020 ## - INTERNATIONAL STANDARD BOOK NUMBER
International Standard Book Number 087718836
040 ## - CATALOGING SOURCE
Transcribing agency DDC
082 ## - DEWEY DECIMAL CLASSIFICATION NUMBER
Classification number 631.4 SOI 1999
100 ## - MAIN ENTRY--PERSONAL NAME
Relator code Edited by Donald L. Sparks
245 ## - TITLE STATEMENT
Title Soil Physical Chemistry
250 ## - EDITION STATEMENT
Edition statement 2nd ed.
300 ## - PHYSICAL DESCRIPTION
Extent 409p;
Other physical details col.ill:
Dimensions 26cm
504 ## - BIBLIOGRAPHY, ETC. NOTE
Bibliography, etc References, & index included
650 ## - SUBJECT ADDED ENTRY--TOPICAL TERM
Topical term or geographic name as entry element Soil physical chemistry
9 (RLIN) 12868
942 ## - ADDED ENTRY ELEMENTS (KOHA)
Source of classification or shelving scheme Dewey Decimal Classification
Koha item type Book Bank
Holdings
Withdrawn status Lost status Source of classification or shelving scheme Damaged status Not for loan Home library Current library Date acquired Source of acquisition Inventory number Total Checkouts Full call number Barcode Date last seen Koha item type
    Dewey Decimal Classification     MUST Main Library MUST Main Library 27/08/2019 Purchase 19/41041   631.4 SOI 1999 2019-0242 27/08/2019 Open Shelf
    Dewey Decimal Classification     MUST Main Library MUST Main Library 27/08/2019 Purchase 19/41042   631.4 SOI 1999 2019-0243 27/08/2019 Open Shelf